Statistics for -Ster Vocabulary Words Quiz

Click here to take the quiz!

General Stats

  • This quiz has been taken 26,165 times
    (26,160 since last reset)
  • The average score is 10 of 20

Answer Stats

DefinitionWord% Correct
High-grossing filmBlockbuster
82%
TornadoTwister
80%
King's foolJester
76%
Handrail on a staircaseBannister
75%
Trendy personHipster
70%
British school principalHeadmaster
61%
British lawyerBarrister
60%
A man who sewsSeamster
57%
Older unmarried womanSpinster
52%
Type of soft cheeseMuenster
50%
To stuff and cover furnitureUpholster
50%
To isolate a jury from outside influenceSequester
47%
Circus leaderRingmaster
46%
Senatorial delay tacticFilibuster
41%
Sports car without a fixed roofRoadster
40%
Military officer in charge of provisionsQuartermaster
34%
One who assumes a false identityImposter
33%
Truck driver (in North America)Teamster
29%
Monastery devoted to religious seclusionCloister
27%
Financial supporter of a team or clubBooster
19%

Score Distribution

Percentile by Number Answered

Percent of People with Each Score

Your Score History

You have not taken this quiz since the last reset